| Tag |
First Indicator |
Second Indicator |
Subfields |
| LEADER |
00000cam a2200000 a 4500 |
| 001 |
in00000074502 |
| 005 |
20151008053551.0 |
| 008 |
800211s1979 enka b 00110 eng d |
| 020 |
|
|
|a 085334843X :
|c 27.50
|
| 035 |
|
|
|a (OCoLC)05970092
|
| 035 |
|
|
|9 AAH7861AM
|
| 040 |
|
|
|a COP
|c COP
|d TXA
|d UtOrBLW
|
| 049 |
|
|
|a TXAM
|
| 090 |
|
|
|a QE33.2.M3
|b C54
|
| 100 |
1 |
|
|a Clark, Isobel.
|
| 245 |
1 |
0 |
|a Practical geostatistics /
|c Isobel Clark.
|
| 264 |
|
1 |
|a London :
|b Applied Science Publishers,
|c [1979]
|
| 264 |
|
4 |
|c ©1979
|
| 300 |
|
|
|a xii, 129 pages :
|b illustrations ;
|c 23 cm.
|
| 336 |
|
|
|a text
|b txt
|2 rdacontent
|
| 337 |
|
|
|a unmediated
|b n
|2 rdamedia
|
| 338 |
|
|
|a volume
|b nc
|2 rdacarrier
|
| 500 |
|
|
|a Includes index.
|
| 504 |
|
|
|a Bibliography: pages 124-126.
|
| 650 |
|
0 |
|a Geology
|x Statistical methods.
|
| 999 |
|
|
|a MARS
|
| 999 |
f |
f |
|s 1f5338b6-542b-345f-bd0f-4f991b29a035
|i 878c5e40-f666-361f-abe3-51e666eb3e9e
|t 0
|
| 952 |
f |
f |
|p normal
|a Texas A&M University
|b College Station
|c Sterling C. Evans Library
|d Evans: Library Stacks
|t 0
|e QE33.2.M3 C54
|h Library of Congress classification
|i unmediated -- volume
|m A14811674411
|
| 998 |
f |
f |
|a QE33.2.M3 C54
|t 0
|l Evans: Library Stacks
|